[Event "Chess24 Banter Blitz Cup"]
[Site "chess24.com INT"]
[Date "2020.04.10"]
[Round "6.7"]
[White "Firouzja, Alireza"]
[Black "Narayanan, S.L."]
[Result "1-0"]
[WhiteTitle "GM"]
[BlackTitle "GM"]
[WhiteElo "2702"]
[BlackElo "2611"]
[WhiteFideId "12573981"]
[BlackFideId "5058422"]
[EventDate "2019.09.25"]

1. e4 c6 2. Nf3 d5 3. d3 Qc7 4. g3 Bg4 5. Bg2 Nf6 6. h3 Bh5 7. g4 dxe4 8. dxe4
Bg6 9. e5 Nd5 10. O-O e6 11. a3 Nd7 12. Qe2 b5 13. a4 b4 14. Nbd2 Be7 15. Nc4
O-O 16. Nd4 Rfd8 17. a5 Nc5 18. f4 h6 19. f5 Bh7 20. Kh1 Rab8 21. Qf2 Kh8 22. b3
Nc3 23. Be3 N5e4 24. Bxe4 Nxe4 25. Qg2 c5 26. Ne2 Nc3 27. Nxc3 bxc3 28. Qf3 Rd5
29. Rf2 Rbd8 30. Raf1 Bh4 31. Re2 Rd1 32. Nd6 Rxf1+ 33. Qxf1 Kg8 34. Qf3 Be7 35.
Bf4 Qd7 36. Kh2 exf5 37. gxf5 Bxf5 38. Qxc3 Bxd6 39. exd6 Bg6 40. Qxc5 Rc8 41.
Re7 Rxc5 42. Rxd7 Rxc2+ 43. Kg1 Bf5 44. Rd8+ Kh7 45. d7 Bxd7 46. Rxd7 Rc3 47.
Rxa7 Rxb3 48. a6 Rxh3 49. Ra8 Rh4 50. Be3 Re4 51. Kf2 f5 52. a7 f4 53. Bb6 Ra4
54. Rb8 Ra2+ 55. Kf3 Ra3+ 56. Kxf4 g5+ 57. Ke4 Ra4+ 58. Bd4 Rxa7 59. Bxa7 Kg6
60. Bd4 Kh5 61. Kf5 Kh4 62. Be5 Kh3 63. Rb3+ Kg2 64. Rg3+ 1-0

[Event "Chess24 Banter Blitz Cup"]
[Site "chess24.com INT"]
[Date "2020.04.10"]
[Round "6.8"]
[White "Narayanan, S.L."]
[Black "Firouzja, Alireza"]
[Result "1-0"]
[WhiteTitle "GM"]
[BlackTitle "GM"]
[WhiteElo "2611"]
[BlackElo "2702"]
[WhiteFideId "5058422"]
[BlackFideId "12573981"]
[EventDate "2019.09.25"]

1. Nf3 Nf6 2. c4 e6 3. d4 d5 4. Bg5 c5 5. cxd5 exd5 6. Nc3 Be6 7. e3 c4 8. Be2
Bb4 9. Ne5 Nc6 10. Nxc6 bxc6 11. Qa4 Qd6 12. Bf4 Bxc3+ 13. bxc3 Qd7 14. Qa3 Bf5
15. f3 Rd8 16. g4 Bg6 17. h4 h5 18. g5 Ng8 19. Be5 f6 20. Bf4 Ne7 21. gxf6 gxf6
22. Rg1 Kf7 23. e4 dxe4 24. fxe4 Bxe4 25. Kd2 Nd5 26. Raf1 Rhg8 27. Bxh5+ Ke6
28. Bh2 Rxg1 29. Rxg1 Qh7 30. Bg4+ f5 31. Be2 Qh6+ 32. Ke1 Qxh4+ 33. Bg3 Qe7 34.
Qa6 Kf7 35. Be5 Rg8 36. Bh5+ 1-0

[Event "Chess24 Banter Blitz Cup"]
[Site "chess24.com INT"]
[Date "2020.04.10"]
[Round "6.9"]
[White "Firouzja, Alireza"]
[Black "Narayanan, S.L."]
[Result "1-0"]
[WhiteTitle "GM"]
[BlackTitle "GM"]
[WhiteElo "2702"]
[BlackElo "2611"]
[WhiteFideId "12573981"]
[BlackFideId "5058422"]
[EventDate "2019.09.25"]

1. e4 e5 2. Nc3 Nc6 3. Bc4 Bc5 4. d3 d6 5. Nf3 Nf6 6. h3 a6 7. a3 Ba7 8. O-O h6
9. Be3 g5 10. Nh2 g4 11. hxg4 Rg8 12. Qf3 Qe7 13. Nd5 Nxd5 14. Bxd5 Nd4 15. Qh3
Nxc2 16. Rac1 Nd4 17. Kh1 Ne6 18. Bxa7 Rxa7 19. Qe3 Ra8 20. b4 Nd4 21. f4 Be6
22. Bxb7 Rb8 23. Bc6+ Kd8 24. f5 Bd7 25. Bd5 f6 26. Bxg8 1-0

[Event "Chess24 Banter Blitz Cup"]
[Site "chess24.com INT"]
[Date "2020.04.10"]
[Round "6.10"]
[White "Narayanan, S.L."]
[Black "Firouzja, Alireza"]
[Result "1/2-1/2"]
[WhiteTitle "GM"]
[BlackTitle "GM"]
[WhiteElo "2611"]
[BlackElo "2702"]
[WhiteFideId "5058422"]
[BlackFideId "12573981"]
[EventDate "2019.09.25"]

1. Nf3 Nf6 2. c4 g6 3. Nc3 Bg7 4. e4 d6 5. d4 O-O 6. Be2 Nbd7 7. O-O e5 8. Be3
c6 9. d5 c5 10. Nd2 Kh8 11. a3 Ng8 12. b4 Bh6 13. Bxh6 Nxh6 14. Nb3 b6 15. bxc5
bxc5 16. Nb5 Qb6 17. Rb1 a6 18. Nc3 Qd8 19. Qd2 Kg7 20. Na4 f5 21. f3 Qh4 22. g3
Qe7 23. Na5 Nf7 24. Nc6 Qg5 25. Qxg5 Nxg5 26. h4 Nf7 27. Nc3 Nf6 28. a4 h6 29.
Bd3 fxe4 30. Nxe4 Bf5 31. Rb7 Bxe4 32. Bxe4 h5 33. a5 Kh6 34. Ne7 Rab8 35. Rxb8
Rxb8 36. Bxg6 Nd8 37. Bd3 Rb3 38. Nf5+ Kg6 39. Bc2 Rb2 40. Ne3+ Kf7 41. Rb1
Rxb1+ 42. Bxb1 Nb7 43. g4 Nxa5 44. g5 Ng8 45. Bc2 Ne7 46. Kf2 Ng6 47. Nf5 Nb7
48. Ba4 Ne7 49. Ng3 Ng6 50. Ne4 Ke7 51. Bc6 Na5 52. Ng3 Nxc4 53. Nxh5 Nxh4 54.
Ng3 Ng6 55. Nf5+ Kf8 56. Ba4 Ne7 57. Ng3 Nb6 58. Bc2 Nbxd5 59. Ne4 Nb4 60. Ba4
Nf5 61. Bd7 d5 62. Nxc5 Nd4 63. Kg3 a5 64. Kg4 Kg7 65. f4 exf4 66. Kxf4 Ne2+ 67.
Ke5 Ng3 68. Be8 Ne4 69. Ne6+ Kh8 70. g6 Nd3+ 71. Kxd5 Nf6+ 72. Kd4 Nxe8 73. Kxd3
Ng7 74. Nc5 Nf5 75. Ne4 Ne7 76. g7+ Kxg7 77. Nc5 a4 78. Kc4 a3 79. Kb3 a2 80.
Kxa2 1/2-1/2

[Event "Chess24 Banter Blitz Cup"]
[Site "chess24.com INT"]
[Date "2020.04.10"]
[Round "6.11"]
[White "Firouzja, Alireza"]
[Black "Narayanan, S.L."]
[Result "1/2-1/2"]
[WhiteTitle "GM"]
[BlackTitle "GM"]
[WhiteElo "2702"]
[BlackElo "2611"]
[WhiteFideId "12573981"]
[BlackFideId "5058422"]
[EventDate "2019.09.25"]

1. e4 c5 2. Nf3 d6 3. d4 cxd4 4. Nxd4 Nf6 5. Nc3 a6 6. Bg5 e6 7. f4 Qb6 8. Nb3
h6 9. Bh4 Qe3+ 10. Qe2 Qxf4 11. Bg3 Qg5 12. Qf3 Nc6 13. Bf4 Qh5 14. Qf2 e5 15.
Bg3 Be7 16. Be2 Bg4 17. Bf3 O-O 18. O-O-O b5 19. Kb1 b4 20. Nd5 Nxd5 21. exd5
Na7 22. Qe2 Bxf3 23. gxf3 f5 24. Be1 Rfb8 25. Bf2 Bd8 26. Qxa6 Nb5 27. Qc6 Qxf3
28. Rhf1 Qh5 29. Be3 f4 30. Bd2 Ra4 31. Rde1 Qf7 32. Re4 Qa7 33. Rxb4 Rxb4 34.
Bxb4 Qe3 35. a4 Nd4 36. Qxd6 Ra8 37. Re1 Qf2 38. Nxd4 Qxd4 39. Qe6+ Kh7 40. Qf5+
Kg8 41. Qf8+ Kh7 42. Qf5+ Kg8 43. Qf8+ Kh7 44. Qf5+ 1/2-1/2

[Event "Chess24 Banter Blitz Cup"]
[Site "chess24.com INT"]
[Date "2020.04.10"]
[Round "6.12"]
[White "Narayanan, S.L."]
[Black "Firouzja, Alireza"]
[Result "1-0"]
[WhiteTitle "GM"]
[BlackTitle "GM"]
[WhiteElo "2611"]
[BlackElo "2702"]
[WhiteFideId "5058422"]
[BlackFideId "12573981"]
[EventDate "2019.09.25"]

1. Nf3 d5 2. d4 Nf6 3. Bf4 c5 4. e3 Nc6 5. Nbd2 cxd4 6. exd4 Bf5 7. Bb5 Nd7 8.
c4 a6 9. Ba4 e6 10. O-O Be7 11. Bxc6 bxc6 12. Qa4 O-O 13. c5 Qc8 14. Nb3 Bd3 15.
Rfe1 Bd8 16. Na5 Bxa5 17. Qxa5 Re8 18. Bd6 Be4 19. Nd2 Bg6 20. b4 Qb7 21. Qa3
Nf6 22. f3 Qb5 23. Nb3 Bc2 24. Na5 Nd7 25. Qc3 Ba4 26. Re3 Nf6 27. Rae1 Nd7 28.
a3 Rad8 29. Qd2 Nb6 30. Bc7 Nc4 31. Nxc4 dxc4 32. Bxd8 Rxd8 33. Qc3 Bb3 34. f4
g6 35. g4 Qb8 36. f5 Qf4 37. fxe6 fxe6 38. d5 cxd5 39. Rf1 Qxg4+ 40. Rg3 d4 41.
Qe1 Qh4 42. Qxe6+ Kg7 43. Rf7+ Kh6 44. Rh3 1-0

[Event "Chess24 Banter Blitz Cup"]
[Site "chess24.com INT"]
[Date "2020.04.10"]
[Round "6.13"]
[White "Firouzja, Alireza"]
[Black "Narayanan, S.L."]
[Result "1-0"]
[WhiteTitle "GM"]
[BlackTitle "GM"]
[WhiteElo "2702"]
[BlackElo "2611"]
[WhiteFideId "12573981"]
[BlackFideId "5058422"]
[EventDate "2019.09.25"]

1. e4 c6 2. Nf3 d5 3. d3 Bg4 4. h3 Bh5 5. Be2 e6 6. O-O Nf6 7. Nbd2 Be7 8. c3
O-O 9. Re1 c5 10. Qb3 Qc8 11. exd5 Nxd5 12. d4 Nf4 13. Bf1 Nc6 14. dxc5 Rd8 15.
Qc4 Nd5 16. Nd4 Na5 17. Qa4 Qxc5 18. Ne4 Qc7 19. Nb5 Qb6 20. c4 a6 21. Nbd6 Bxd6
22. Nxd6 Nb4 23. Be3 Qxd6 24. Qxa5 Nc2 25. Qxh5 Nxa1 26. Rxa1 Rac8 27. Rc1 Qb4
28. b3 a5 29. c5 Rd5 30. Qg4 Qa3 31. Qa4 Qxa4 32. bxa4 b6 33. c6 e5 34. Bb5 Kf8
35. Bxb6 Ke7 36. Bxa5 Rd4 37. Bb6 Rd6 38. Bc5 1-0

[Event "Chess24 Banter Blitz Cup"]
[Site "chess24.com INT"]
[Date "2020.04.10"]
[Round "6.14"]
[White "Narayanan, S.L."]
[Black "Firouzja, Alireza"]
[Result "1-0"]
[WhiteTitle "GM"]
[BlackTitle "GM"]
[WhiteElo "2611"]
[BlackElo "2702"]
[WhiteFideId "5058422"]
[BlackFideId "12573981"]
[EventDate "2019.09.25"]

1. Nf3 d5 2. d4 Nf6 3. Bf4 c5 4. e3 Nc6 5. Nbd2 cxd4 6. exd4 Bg4 7. h3 Bxf3 8.
Nxf3 e6 9. c3 Bd6 10. Be3 O-O 11. Bd3 Qc7 12. O-O Bf4 13. Re1 Bxe3 14. Rxe3 Rab8
15. Ne5 Nxe5 16. dxe5 Nd7 17. Qh5 g6 18. Qg5 Qd8 19. Qh6 Nc5 20. h4 Nxd3 21.
Rxd3 Rc8 22. Rad1 Qe7 23. Rd4 b5 24. h5 Rc4 25. Qf4 f5 26. exf6 Qxf6 27. Qg3
Rxd4 28. cxd4 Qf4 29. Qxf4 Rxf4 30. hxg6 hxg6 31. g3 Re4 32. Kf1 e5 33. f3 Re3
34. Kf2 exd4 35. Rxd4 Re5 36. f4 Rh5 37. Kg2 a6 38. g4 Rh4 39. Kg3 Rh1 40. Rxd5
Rb1 41. Rd6 Kg7 42. Kh4 Rxb2 43. Kg5 Rxa2 44. Rxg6+ Kf7 45. Rb6 Ra4 46. f5 b4
47. Rb7+ Ke8 48. Kg6 1-0

[Event "Chess24 Banter Blitz Cup"]
[Site "chess24.com INT"]
[Date "2020.04.10"]
[Round "6.15"]
[White "Firouzja, Alireza"]
[Black "Narayanan, S.L."]
[Result "1-0"]
[WhiteTitle "GM"]
[BlackTitle "GM"]
[WhiteElo "2702"]
[BlackElo "2611"]
[WhiteFideId "12573981"]
[BlackFideId "5058422"]
[EventDate "2019.09.25"]

1. e4 c5 2. Nf3 d6 3. Nc3 Nf6 4. Bb5+ Bd7 5. Bxd7+ Qxd7 6. O-O Nc6 7. d3 g6 8.
h3 Bg7 9. Be3 O-O 10. Qd2 Rfd8 11. Bh6 Bh8 12. Nh2 d5 13. exd5 Nxd5 14. Rae1 c4
15. Ne4 Bxb2 16. c3 Ba3 17. dxc4 Nb6 18. Qf4 Qf5 19. Qc7 Rd7 20. Qg3 Nxc4 21.
Ng4 N4e5 22. Bf4 Nxg4 23. hxg4 Qb5 24. Qh3 f6 25. Rb1 Qc4 26. Rfe1 Rad8 27. Qf3
Bc5 28. Bh6 Bb6 29. Qf4 Qf7 30. g3 Ne5 31. Re2 Rd1+ 32. Rxd1 Rxd1+ 33. Kg2 Qd5
34. g5 f5 35. g4 Nc6 36. gxf5 gxf5 37. c4 Qf7 38. Ng3 e6 39. Rd2 e5 40. Qxf5
Qxf5 41. Rxd1 Qxf2+ 42. Kh3 Qf3 43. Rf1 Qd3 44. Rf8# 1-0

[Event "Chess24 Banter Blitz Cup"]
[Site "chess24.com INT"]
[Date "2020.04.15"]
[Round "7.13"]
[White "Carlsen, Magnus"]
[Black "Firouzja, Alireza"]
[Result "0-1"]
[WhiteTitle "GM"]
[BlackTitle "GM"]
[WhiteElo "2876"]
[BlackElo "2702"]
[WhiteFideId "1503014"]
[BlackFideId "12573981"]
[EventDate "2019.09.25"]

1. e4 c5 2. Nf3 e6 3. b3 Nc6 4. Bb2 d5 5. exd5 exd5 6. Bb5 Ne7 7. O-O a6 8.
Bxc6+ Nxc6 9. Re1+ Be7 10. Bxg7 Rg8 11. Bf6 Be6 12. Bxe7 Qxe7 13. d4 O-O-O 14.
Nbd2 cxd4 15. Nf1 Qf6 16. Ng3 Bg4 17. Qd3 h5 18. h4 Bxf3 19. Qxf3 Qxf3 20. gxf3
Rd6 21. Kg2 Rf6 22. Rh1 Ne5 23. Rad1 Rf4 24. Kf1 Rxf3 25. Nxh5 Rf5 26. Rxd4 Nc6
27. Rf4 Rxh5 28. Rxf7 Rg4 29. Rh3 Rhxh4 30. Rhf3 Rh1+ 0-1

[Event "Chess24 Banter Blitz Cup"]
[Site "chess24.com INT"]
[Date "2020.04.15"]
[Round "7.15"]
[White "Carlsen, Magnus"]
[Black "Firouzja, Alireza"]
[Result "1-0"]
[WhiteTitle "GM"]
[BlackTitle "GM"]
[WhiteElo "2876"]
[BlackElo "2702"]
[WhiteFideId "1503014"]
[BlackFideId "12573981"]
[EventDate "2019.09.25"]

1. d4 Nf6 2. c4 e6 3. Nc3 Bb4 4. e3 O-O 5. Bd3 c5 6. Ne2 d5 7. cxd5 cxd4 8. exd4
exd5 9. O-O h6 10. a3 Ba5 11. f3 Nc6 12. g4 Bb6 13. Bc2 Re8 14. Kh1 Nh7 15. Qd3
Nf8 16. Rg1 Ng6 17. Bd2 Be6 18. f4 Bd7 19. Raf1 Nf8 20. f5 Qh4 21. g5 Bc7 22.
Bf4 Bxf4 23. Rxf4 Qh5 24. gxh6 Qxh6 25. Rfg4 Nh7 26. Rxg7+ Qxg7 27. Rxg7+ Kxg7
28. Qg3+ Kh8 29. f6 1-0